000
00301nam a2200133Ia 4500
008
230312s9999||||xx |||||||||||||| ||und||
082
_a
615.36
_b
SOH-D
100
_a
Sohail;Nusrat
245
0
_a
Drugs Index
260
_b
Health
_a
PK
_c
1996
300
_a
475
650
_a
Pharmacy
_v
Medicine
942
_c
BK
999
_c
3325
_d
3325